| 000 | 00765nam a2200253Ia 4500 | ||
|---|---|---|---|
| 001 | dia_1125 | ||
| 003 | CHAP | ||
| 005 | 20230120103952.0 | ||
| 008 | 220117s1992 xx 000 0 und d | ||
| 010 | _a171672 | ||
| 040 | _cCHAP | ||
| 082 | _a378 A86 1992 | ||
| 110 |
_aAsociación Nacional de Universidades e Instituciones de Educación Superior _98093 |
||
| 245 |
_aAnuario Estadístico Licenciatura en Universidades e Institutos Tecnológicos / _c por Anuies |
||
| 260 |
_aMéxico : _b Anuies, _c1992 |
||
| 300 | _a2 v. | ||
| 500 | _aFotocopias | ||
| 503 | _aC/e | ||
| 650 |
_a1.Educación superior _9148004 |
||
| 901 | _a378 A86 1992 | ||
| 902 | _aM | ||
| 905 | _a0000001992 MX X 0000000000SPA00 | ||
| 942 |
_cLIBRO _2ddc |
||
| 999 |
_c171672 _d171672 |
||